000 00585nam a2200229Ia 4500
003 OSt
005 20220928101800.0
006 a|||||r|||| 00| 0
007 ta
008 220927b |||||||| |||| 00| 0 eng d
024 _a52166
037 _cTextual
040 _aSDCL
_cSDCL
_beng
041 _2eng
_aeng
082 _aP15,A:3, L0,2
100 _aNarang Satya pal
_9395085
245 0 _aVedic vyakaran.
260 _aDelhi
_bDev Vani Prakashan
300 _a126p.
_ccm.
942 _hP15,A:3, L0,2
_cTEXL
_2CC
999 _c710710
_d710710